Bibliografia de la novela en Colombia : Con notas de contenido y critica de las obras y guias de comentariossobre los autores (Record no. 6132)

MARC details
000 -LEADER
campo de control de longitud fija 00427nam a2200133Ia 4500
008 - DATOS DE LONGITUD FIJA--INFORMACIÓN GENERAL
campo de control de longitud fija 231129s1976||||xx |||||||||||||| ||spa||
040 ## - FUENTE DE CATALOGACIÓN
Lengua de catalogación spa
082 ## - NÚMERO DE LA CLASIFICACIÓN DECIMAL DEWEY
Número de clasificación Co860.16 P838b
100 ## - ENTRADA PRINCIPAL--NOMBRE DE PERSONA
Nombre de persona Porras Collantes Ernesto
245 #0 - MENCIÓN DEL TÍTULO
Título Bibliografia de la novela en Colombia : Con notas de contenido y critica de las obras y guias de comentariossobre los autores
260 ## - PUBLICACIÓN, DISTRIBUCIÓN, ETC.
Fecha de publicación, distribución, etc. 1976
264 ## - PRODUCCIÓN, PUBLICACIÓN, DISTRIBUCIÓN, FABRICACIÓN Y COPYRIGHT
Producción, publicación, distribución, fabricación y copyright Instituto Caro y Cuervo
942 ## - ELEMENTOS DE ENTRADA SECUNDARIOS (KOHA)
Fuente del sistema de clasificación o colocación Clasificación Decimal Dewey
Tipo de ítem Koha
Holdings
Estatus retirado Estado de pérdida Fuente del sistema de clasificación o colocación Estado de daño No para préstamo Biblioteca de origen Biblioteca actual Fecha de adquisición Total de préstamos Signatura topográfica completa Código de barras Visto por última vez Fecha del último préstamo Copia número Precio de reemplazo Tipo de ítem Koha
    Clasificación Decimal Dewey     BIBLIOTECA PÚBLICA MUNICIPAL RAMON CORREA MEJIA BIBLIOTECA PÚBLICA MUNICIPAL RAMON CORREA MEJIA 09/07/2009 1 Co860.16 P838b 19942 05/03/2026 18/02/2026 1 29/11/2023 Libros

Powered by Koha